000 00652nam a2200217Ia 4500
005 20241129111000.0
008 241129s9999||||xx |||||||||||||| ||und||
020 _a978-93-90737-75-8
037 _aTB
040 _aCRL
_beng
_cCRL
041 _aeng
_2eng
084 _aM7,7.252 R1
_qCRL
100 _aRai Santosh Kumar Au.
_9723025
245 0 _aWeaving hierarchies: handloom weavers in early twentieth century united provinces
_cRai Santosh Kumar Au.
260 _aDelhi, India
_bPrimus Books
_c2021
300 _axx,515p.
365 _aINR
_b1595
650 _aUseful Arts
942 _cTB
_hM7,7.252 R1
999 _c1228389
_d1228389